000 00346nam a2200145Ia 4500
008 150201s2003 xx 000 0 und d
082 _a617.6
_bO2003S
100 _aSHAH JATIN
245 _aORAL CANCER
250 _a1ST
260 _bMARTIN DANITZ PUBLICATION
_aU.S.A
_c2003
300 _a1-496
650 _aORAL PATHOLOGY
942 _2ddc
_cBK
_01
999 _c3718
_d3718